Digital transformation in accounting / (Record no. 29265)

MARC details
000 -LEADER
fixed length control field 04081cam a22003978i 4500
001 - CONTROL NUMBER
control field 21868046
003 - CONTROL NUMBER IDENTIFIER
control field EG-ScBUE
005 - DATE AND TIME OF LATEST TRANSACTION
control field 20210727142354.0
008 - FIXED-LENGTH DATA ELEMENTS--GENERAL INFORMATION
fixed length control field 210103s2021 enk f b 001 0 eng d
020 ## - INTERNATIONAL STANDARD BOOK NUMBER
International Standard Book Number 9780367362096
040 ## - CATALOGING SOURCE
Original cataloging agency LBSOR/DLC
Language of cataloging eng
Description conventions rda
Transcribing agency DLC
Modifying agency EG-ScBUE
082 04 - DEWEY DECIMAL CLASSIFICATION NUMBER
Classification number 657.0285
Item number BUS
Edition number 22
100 1# - MAIN ENTRY--PERSONAL NAME
Personal name Busulwa, Richard,
Dates associated with a name 1980-
Relator term author.
245 10 - TITLE STATEMENT
Title Digital transformation in accounting /
Statement of responsibility, etc Richard Busulwa and Nina Evans.
264 #1 - PUBLICATION, DISTRIBUTION, ETC. (IMPRINT)
Place of publication, distribution, etc Abingdon, Oxon ;
-- New York, NY :
Name of publisher, distributor, etc Routledge,
Date of publication, distribution, etc 2021.
300 ## - PHYSICAL DESCRIPTION
Extent xiii, 284 pages ;
Dimensions 24 cm.
336 ## - CONTENT TYPE
Content type term text
Content type code txt
Source rdacontent
337 ## - MEDIA TYPE
Media type term unmediated
Media type code n
Source rdamedia
338 ## - CARRIER TYPE
Carrier type term volume
Carrier type code nc
Source rdacarrier
490 0# - SERIES STATEMENT
Series statement Business & digital transformation
504 ## - BIBLIOGRAPHY, ETC. NOTE
Bibliography, etc Includes bibliographical references and index.
505 0# - FORMATTED CONTENTS NOTE
Formatted contents note Introduction and need for this book -- IT, information systems, strategic information systems, and digital technologies -- Digital technology advancements and digital disruption: game-changing opportunities and existential threats -- Digital business, the digital business imperative, and digital business transformation -- Digital disruption and digital transformation of accounting -- Impact of digital disruption and digital transformation on accountants -- The role of accountants in digital transformation strategy, digital business strategy, digital learning, adaptability and agility -- Role of Accountants in digital customer engagement, digital stakeholder engagement, and digital customer experience -- Role of accountants in enterprise architecture, technology sourcing, data analytics, and data management -- Role of accountants in security, information privacy, and digital ethics -- Role of accountants in digital leadership, accelerated change and transformation, digital risk management, and digital governance -- Keeping up with digital technologies -- Data Management, Data Analytics and Data Science Technologies -- Internet of Things Technologies -- Artificial Intelligence Technologies -- Video analytics, computer vision, and virtual reality technologies -- Robotics, drones and 3D/4D printing technologies -- Network and connectivity technologies -- Blockchain and distributed ledger technologies.
520 ## - SUMMARY, ETC.
Summary, etc "Digital Transformation in Accounting is a critical guidebook for accountancy and digital business students to navigate the effects of digital technology advancements, digital disruption and digital transformation on the accounting profession. Drawing on the latest research, this book: Unpacks dozens of digital technology advancements, explaining what they are and how they could be used to improve accounting practice Discusses the impact of digital disruption and digital transformation on different accounting functions, roles and activities Integrates traditional accounting information systems concepts and contemporary digital business and digital transformation concepts Includes a rich array of real-world case studies, simulated problems, quizzes, group and individual exercises as well as supplementary electronic resources. Provides a framework and a set of tools to prepare the future accounting workforce for the era of digital disruption. This book is an invaluable resource for students on accounting, accounting information systems and digital business courses, as well as accountants, accounting educators, and accreditation / advocacy bodies"--
Assigning source Provided by publisher.
650 #7 - SUBJECT ADDED ENTRY--TOPICAL TERM
Topical term or geographic name as entry element Accounting
General subdivision Data processing.
Source of heading or term BUEsh
650 #7 - SUBJECT ADDED ENTRY--TOPICAL TERM
Topical term or geographic name as entry element Accounting
General subdivision Computer programs.
Source of heading or term BUEsh
650 #7 - SUBJECT ADDED ENTRY--TOPICAL TERM
Topical term or geographic name as entry element Computer software
General subdivision Accounting.
Source of heading or term BUEsh
650 #7 - SUBJECT ADDED ENTRY--TOPICAL TERM
Topical term or geographic name as entry element Information storage and retrieval systems
General subdivision Accounting.
Source of heading or term BUEsh
653 ## - INDEX TERM--UNCONTROLLED
Resource For college Generalities
Arrived date list July2021
655 ## - INDEX TERM--GENRE/FORM
Form subdivision Reading book
9 (RLIN) 34232
700 1# - ADDED ENTRY--PERSONAL NAME
Personal name Evans, Nina,
Relator term author.
776 08 - ADDITIONAL PHYSICAL FORM ENTRY
Display text Online version:
Main entry heading Busulwa, Richard, 1980-
Title Digital transformation in accounting
Place, publisher, and date of publication Abingdon, Oxon ; New York, NY : Routledge, 2021
International Standard Book Number 9780429344589
Record control number (DLC) 2020051666
906 ## - LOCAL DATA ELEMENT F, LDF (RLIN)
a 7
b cbc
c orignew
d 1
e ecip
f 20
g y-gencatlg
942 ## - ADDED ENTRY ELEMENTS (KOHA)
Source of classification or shelving scheme Dewey Decimal Classification
Koha item type Book - Borrowing
Holdings
Withdrawn status Lost status Source of classification or shelving scheme Damaged status Not for loan Collection code Home library Current library Shelving location Date acquired Source of acquisition Cost, normal purchase price Total Checkouts Full call number Barcode Date last seen Cost, replacement price Price effective from Koha item type
    Dewey Decimal Classification     Alahram Central Library Central Library First floor 27/07/2021 Purchase 769.00   657.0285 BUS 000050432 15/07/2025 961.25 27/07/2021 Book - Borrowing